[Event "Moscow RUS"]
[Site "?"]
[Date "2006.02.04"]
[Round "7"]
[White "Slizhevsky Alexander"]
[Black "Deviatkin Andrei"]
[Result "1/2-1/2"]
[WhiteElo "2427"]
[BlackElo "2528"]
[PlyCount "43"]
[EventDate "2006.??.??"]
[Source "www.chesslib.no"]
[SourceDate "2004.05.04"]

1. e4 c6 2. d4 d5 3. Nc3 dxe4 4. Nxe4 h6 5. Ng3 Nf6 6. Nf3 e6 7. Bd3 c5 8. O-O Nc6 9. dxc5 Bxc5 10. a3 a5 11. b3 O-O 12. Bb2 e5 13. Qe1 Re8 14. Ne4 Nxe4 15. Qxe4 g6 16. Qc4 Bf8 17. Rfe1 Bg7 18. Be4 Be6 19. Qc5 Rc8 20. Qe3 Qc7 21. Rad1 Ne7 22. c4 1/2-1/2

[Event "It (Open) Bad Woerishofen GER"]
[Site "?"]
[Date "2006.03.24"]
[Round "8"]
[White "Henrichs Thomas"]
[Black "Burmakin Vladimir"]
[Result "0-1"]
[WhiteElo "2434"]
[BlackElo "2519"]
[PlyCount "116"]
[EventDate "2006.??.??"]
[Source "www.chesslib.no"]
[SourceDate "2004.05.04"]

1. e4 c6 2. d4 d5 3. Nc3 dxe4 4. Nxe4 h6 5. c3 Bf5 6. Nc5 Qc8 7. Nf3 e6 8. Nb3 Nd7 9. g3 Ngf6 10. Bg2 Bd6 11. O-O O-O 12. Re1 Bc7 13. a4 a5 14. h3 Re8 15. Ne5 Nxe5 16. dxe5 Nd5 17. Nd4 Bg6 18. h4 Bb6 19. h5 Bh7 20. Qg4 Kh8 21. Bd2 Rd8 22. Rad1 Bxd4 23. cxd4 Rd7 24. Rc1 Qd8 25. Bxd5 Rxd5 26. Bc3 Qe7 27. Ra1 Rf8 28. Re3 Rfd8 29. Qf4 Kg8 30. Kh2 Rc8 31. Rg1 Qg5 32. Qxg5 hxg5 33. g4 c5 34. dxc5 Rcxc5 35. Kg3 Bc2 36. b4 axb4 37. Bxb4 Rc4 38. Be7 Bxa4 39. Bxg5 f6 40. Bh4 Rxe5 41. Rxe5 fxe5 42. Re1 e4 43. Re2 e5 44. Be7 Bd1 45. Re3 Kf7 46. Bd6 Kf6 47. f4 exf3 48. Bxe5+ Kg5 49. Bxg7 Rxg4+ 50. Kf2 Kxh5 51. Re7 b5 52. Rd7 Rg2+ 53. Ke1 Bb3 54. Bd4 Re2+ 55. Kf1 Bc4 56. Rh7+ Kg6 57. Rg7+ Kh6 58. Kg1 f2+ 0-1

[Event "Moscow Veterans"]
[Site "Moscow"]
[Date "1991.??.??"]
[Round "?"]
[White "Gipslis, Aivars"]
[Black "Bagirov, Vladimir"]
[Result "1/2-1/2"]
[WhiteElo "2465"]
[BlackElo "2485"]
[PlyCount "28"]
[EventDate "1991.06.??"]
[Source "ChessBase"]

1. e4 c6 2. d4 d5 3. Nc3 dxe4 4. Nxe4 Nf6 5. Nxf6+ exf6 6. Bc4 Bd6 7. Qe2+ Qe7 8. Qxe7+ Kxe7 9. Ne2 Be6 10. Bd3 Nd7 11. Bf4 Nb6 12. Bxd6+ Kxd6 13. Nf4 Rhe8 14. O-O g6 1/2-1/2

[Event "URS Spartakiad"]
[Site "URS"]
[Date "1979.??.??"]
[Round "?"]
[White "Tseshkovsky, Vitaly"]
[Black "Rytov, Boris"]
[Result "1/2-1/2"]
[WhiteElo "2550"]
[BlackElo "2400"]
[PlyCount "67"]
[EventDate "1979.??.??"]
[Source "ChessBase"]

1. e4 c6 2. d4 d5 3. Nc3 dxe4 4. Nxe4 Nf6 5. Nxf6+ exf6 6. c3 Bd6 7. Bd3 O-O 8. Ne2 Re8 9. Qc2 h6 10. Be3 Be6 11. O-O Qc7 12. h3 Nd7 13. c4 Nf8 14. c5 Bh2+ 15. Kh1 Bd5 16. Qd2 Re6 17. Nc3 Rae8 18. Nxd5 cxd5 19. Rae1 h5 20. Bf5 Rxe3 21. fxe3 Bg3 22. Re2 g6 23. Bc2 f5 24. Bb3 Rd8 25. a4 Nh7 26. a5 Nf6 27. e4 dxe4 28. Rxf5 gxf5 29. Qg5+ Kf8 30. Qxf6 Rd7 31. Qh8+ Ke7 32. Bxf7 Kxf7 33. Qxh5+ Kg8 34. Qxf5 1/2-1/2

[Event "Decin-A"]
[Site "Decin CZE"]
[Date "1976.??.??"]
[Round "8"]
[White "Minev, Nikolay N"]
[Black "Radulov, Ivan G"]
[Result "1/2-1/2"]
[WhiteElo "2430"]
[BlackElo "2515"]
[PlyCount "25"]
[EventDate "1976.06.??"]
[Source "www.chesslib.no"]
[SourceDate "2004.05.04"]

1. e4 c6 2. d4 d5 3. Nc3 dxe4 4. Nxe4 Nf6 5. Nxf6+ exf6 6. Bc4 Qe7+ 7. Qe2 Be6 8. Bxe6 Qxe6 9. Qxe6+ fxe6 10. Ne2 Nd7 11. O-O Bd6 12. Bf4 Bxf4 13. Nxf4 1/2-1/2

[Event "Warsaw"]
[Site "Warsaw"]
[Date "1990.??.??"]
[Round "5"]
[White "Sznapik, Aleksander"]
[Black "Hansen, Lars Bo"]
[Result "0-1"]
[WhiteElo "2485"]
[BlackElo "2460"]
[PlyCount "84"]
[EventDate "1990.01.??"]
[Source "ChessBase"]

1. e4 c6 2. d4 d5 3. Nc3 dxe4 4. Nxe4 Qc7 5. Bc4 Nf6 6. Nxf6+ exf6 7. Ne2 Bd6 8. Be3 O-O 9. c3 Re8 10. Qd2 Be6 11. Bxe6 fxe6 12. O-O-O Nd7 13. g4 Rad8 14. h4 Nb6 15. Qc2 c5 16. Rhg1 c4 17. Kb1 Nd5 18. Bc1 b5 19. Ng3 b4 20. Ne4 Bf8 21. Rg3 Rb8 22. cxb4 Nxb4 23. Qe2 Nd5 24. Nc3 Qxg3 25. Nxd5 exd5 26. Qxe8 Qxg4 27. Qxb8 Qxd1 28. Qf4 Qd3+ 29. Ka1 h5 30. a3 a5 31. Bd2 a4 32. Ka2 Bxa3 33. bxa3 Qb3+ 34. Ka1 Qxa3+ 35. Kb1 Qb3+ 36. Kc1 c3 37. Be3 Qb2+ 38. Kd1 c2+ 39. Ke1 a3 40. Bc1 Qb4+ 41. Ke2 a2 42. Qf5 Qb5+ 0-1

[Event "Vrnjacka Banja"]
[Site "Vrnjacka Banja"]
[Date "1982.??.??"]
[Round "15"]
[White "Rajkovic, Dusan"]
[Black "Tringov, Georgi P"]
[Result "1/2-1/2"]
[WhiteElo "2460"]
[BlackElo "2485"]
[PlyCount "24"]
[EventDate "1982.04.??"]
[Source "ChessBase"]

1. e4 c6 2. d4 d5 3. Nc3 dxe4 4. Nxe4 Nf6 5. Nxf6+ exf6 6. Bc4 Qe7+ 7. Qe2 Be6 8. Bxe6 Qxe6 9. Bf4 Nd7 10. O-O-O Qxe2 11. Nxe2 O-O-O 12. Rhe1 Re8 1/2-1/2

[Event "RUS-Cup03"]
[Site "Tomsk"]
[Date "2002.07.09"]
[Round "2"]
[White "Ovetchkin, Roman"]
[Black "Logunov, Maxim"]
[Result "1/2-1/2"]
[WhiteElo "2557"]
[BlackElo "2388"]
[PlyCount "94"]
[EventDate "2002.07.08"]
[Source "ChessBase"]
[SourceDate "2002.09.11"]

1. e4 c6 2. d4 d5 3. Nc3 dxe4 4. Nxe4 Nf6 5. Nxf6+ exf6 6. Bc4 Qe7+ 7. Qe2 Be6 8. Bxe6 Qxe6 9. Bf4 Nd7 10. O-O-O O-O-O 11. Qxe6 fxe6 12. Nf3 Nb6 13. Rhe1 g5 14. Be3 Bg7 15. Nd2 h6 16. Ne4 Rhe8 17. f3 f5 18. Nc5 e5 19. Bf2 Nd7 20. Nxd7 Rxd7 21. dxe5 Rxd1+ 22. Kxd1 Rxe5 23. c3 Rxe1+ 24. Kxe1 a6 25. g4 fxg4 26. fxg4 Kd7 27. Kd2 Ke6 28. Kd3 Be5 29. h3 Bf6 30. b3 Be7 31. Ke4 Bf8 32. h4 gxh4 33. Bxh4 Bg7 34. Be1 Bf8 35. Bd2 Bg7 36. c4 Bf8 37. Be3 Bg7 38. Bf4 Bf8 39. Kf3 Bg7 40. Kg3 Kf7 41. Be3 Bf8 42. Kh4 Kg6 43. Kg3 Kf7 44. Kf4 Ke6 45. Bd4 Be7 46. Ke4 Bf8 47. Be5 Be7 1/2-1/2

[Event "Rubinstein mem"]
[Site "Polanica Zdroj"]
[Date "1979.??.??"]
[Round "10"]
[White "Razuvaev, Yuri S"]
[Black "Filip, Miroslav"]
[Result "1/2-1/2"]
[WhiteElo "2470"]
[BlackElo "2475"]
[PlyCount "22"]
[EventDate "1979.08.??"]
[Source "ChessBase"]

1. e4 c6 2. d4 d5 3. Nc3 dxe4 4. Nxe4 Nf6 5. Nxf6+ exf6 6. g3 c5 7. Nf3 Nc6 8. Be3 Bf5 9. Bg2 Nb4 10. O-O Bxc2 11. Qd2 Be4 1/2-1/2

[Event "Athens cup qf"]
[Site "Athens GRE"]
[Date "1996.??.??"]
[Round "?"]
[White "Tzermiadianos, Andreas"]
[Black "Nikolaidis, Ioannis"]
[Result "0-1"]
[WhiteElo "2410"]
[BlackElo "2530"]
[PlyCount "108"]
[EventDate "1996.??.??"]
[Source "www.chesslib.no"]
[SourceDate "2004.05.04"]

1. e4 c6 2. d4 d5 3. Nc3 dxe4 4. Nxe4 Nf6 5. Nxf6+ exf6 6. c3 Bd6 7. Bd3 O-O 8. Qc2 g6 9. Ne2 Re8 10. O-O Qc7 11. Ng3 Be6 12. Bd2 Nd7 13. c4 f5 14. Bc3 f6 15. c5 Bxg3 16. hxg3 Bd5 17. Bd2 Nf8 18. Bf4 Qf7 19. b4 Ne6 20. Be3 Be4 21. Rfd1 Nc7 22. Qb2 Bxd3 23. Rxd3 a6 24. a4 Nd5 25. Rb1 Re7 26. b5 axb5 27. axb5 Rae8 28. bxc6 bxc6 29. Qc1 g5 30. Rdb3 Qh5 31. Rb8 Rxb8 32. Rxb8+ Kf7 33. Rb3 Qg4 34. Qb1 Kg6 35. Kh2 Qe4 36. Qxe4 Rxe4 37. Rd3 h5 38. Bd2 h4 39. gxh4 Rxh4+ 40. Kg1 Re4 41. Kf1 f4 42. f3 Re6 43. Kf2 Kf5 44. Kf1 g4 45. fxg4+ Kxg4 46. Kf2 Kf5 47. Kf3 Re4 48. Bc1 Re1 49. Bd2 Rd1 50. Ke2 Ke4 51. Ra3 Rh1 52. Ra6 Rh2 53. Kf1 f3 54. gxf3+ Kxf3 0-1

[Event "Iit"]
[Site "Donskoj"]
[Date "2002.??.??"]
[Round "1"]
[White "Poletov, Vladimir"]
[Black "Tishin, Petr"]
[Result "1/2-1/2"]
[WhiteElo "2434"]
[BlackElo "2498"]
[PlyCount "51"]
[EventDate "2002.11.??"]
[Source "Roberto Alvarez"]
[SourceDate "2003.02.17"]

1. e4 c6 2. d4 d5 3. Nc3 dxe4 4. Nxe4 Nf6 5. Nxf6+ exf6 6. c3 Bf5 7. Nf3 Bd6 8. Bd3 Bxd3 9. Qxd3 O-O 10. O-O Re8 11. Be3 Nd7 12. Rad1 Qc7 13. h3 Nb6 14. b3 Nd5 15. Bc1 Re6 16. Rfe1 Rae8 17. Bd2 Nf4 18. Bxf4 Bxf4 19. Rxe6 Rxe6 20. c4 h6 21. d5 cxd5 22. cxd5 Rd6 23. Re1 Qd7 24. Rd1 g6 25. Ne1 Kg7 26. Nf3 1/2-1/2

[Event "Budapest FS08 GM"]
[Site "Budapest"]
[Date "2001.08.08"]
[Round "5"]
[White "Fogarasi, Tibor"]
[Black "Drazic, Sinisa"]
[Result "1-0"]
[WhiteElo "2449"]
[BlackElo "2480"]
[PlyCount "79"]
[EventDate "2001.08.04"]
[Source "ChessBase"]
[SourceDate "2001.09.11"]

1. e4 c6 2. d4 d5 3. Nc3 dxe4 4. Nxe4 Nf6 5. Nxf6+ exf6 6. c3 Bd6 7. Bd3 Be6 8. Ne2 Qc7 9. Qc2 Nd7 10. h3 h5 11. Bd2 b5 12. a4 Rb8 13. axb5 cxb5 14. b3 a5 15. O-O O-O 16. f4 a4 17. bxa4 Bc4 18. Ng3 Rfc8 19. Nxh5 bxa4 20. Bxc4 Qxc4 21. Qxa4 Qc7 22. f5 Rb2 23. Qd1 Bf8 24. Bc1 Rb7 25. Ba3 Qxc3 26. Bxf8 Qe3+ 27. Kh2 Kxf8 28. Rf4 g6 29. fxg6 fxg6 30. Rf3 Qe7 31. Nf4 Qd6 32. Kh1 Kf7 33. Qd3 f5 34. Raf1 Rcb8 35. Qc4+ Kf6 36. Re3 Nb6 37. Re6+ Kg7 38. Qe2 Qd7 39. Rxg6+ Kf7 40. Qe5 1-0

[Event "Bratislava"]
[Site "Bratislava"]
[Date "1983.??.??"]
[Round "15"]
[White "Mokry, Karel"]
[Black "Lechtynsky, Jiri"]
[Result "1/2-1/2"]
[WhiteElo "2450"]
[BlackElo "2475"]
[PlyCount "28"]
[EventDate "1983.09.??"]
[Source "ChessBase"]

1. e4 c6 2. d4 d5 3. Nc3 dxe4 4. Nxe4 Nf6 5. Nxf6+ exf6 6. Bc4 Qe7+ 7. Qe2 Be6 8. Bb3 a5 9. Bxe6 Qxe6 10. a4 Na6 11. c3 Qxe2+ 12. Nxe2 Bd6 13. Bf4 Bxf4 14. Nxf4 Nc7 1/2-1/2

[Event "DDR Ch 27th"]
[Site "Eggesin"]
[Date "1978.??.??"]
[Round "9"]
[White "Vogt, Lothar H"]
[Black "Moehring, Guenther"]
[Result "1-0"]
[WhiteElo "2520"]
[BlackElo "2405"]
[PlyCount "103"]
[EventDate "1978.02.10"]
[Source "www.chesslib.no"]
[SourceDate "2004.05.04"]

1. e4 c6 2. d4 d5 3. Nc3 dxe4 4. Nxe4 Nf6 5. Nxf6+ exf6 6. Bc4 Qe7+ 7. Be2 Qc7 8. Nf3 Bd6 9. O-O O-O 10. Be3 Nd7 11. c4 Re8 12. Qd2 Nf8 13. h3 Ng6 14. Rfe1 Bf5 15. Bd3 Qd7 16. Bxf5 Qxf5 17. Rad1 Nf4 18. Bxf4 Bxf4 19. Qd3 Qxd3 20. Rxd3 Rxe1+ 21. Nxe1 Rd8 22. Kf1 f5 23. Ke2 g6 24. b4 a6 25. Nc2 Kf8 26. a4 h5 27. Rb3 Ke7 28. c5 Kd7 29. b5 axb5 30. axb5 Ra8 31. Ra3 Rxa3 32. Nxa3 Bc1 33. bxc6+ bxc6 34. Nc2 Bf4 35. Kd3 Bc7 36. Kc4 Bh2 37. d5 Bg1 38. f3 cxd5+ 39. Kxd5 Bh2 40. Nd4 Bg3 41. Nc6 Be1 42. Ne5+ Ke7 43. Nd3 Ba5 44. Kc6 Ke6 45. Nf4+ Ke5 46. Nd5 Kd4 47. Kd6 Bd8 48. Ne7 Ke3 49. Nc6 Bh4 50. Ne5 Ke2 51. c6 Bd8 52. Kd7 1-0

[Event "Warsaw POL, 5. Amplico AIG"]
[Site "?"]
[Date "2005.12.17"]
[Round "6"]
[White "Ejsmont Krzysztof"]
[Black "Deviatkin Andrei"]
[Result "1/2-1/2"]
[WhiteElo "2395"]
[BlackElo "2528"]
[PlyCount "43"]
[EventDate "2005.??.??"]
[Source "www.chesslib.no"]
[SourceDate "2004.05.04"]

1. e4 c6 2. d4 d5 3. Nc3 dxe4 4. Nxe4 h6 5. Nf3 Bf5 6. Bd3 e6 7. Qe2 Nf6 8. O-O Bxe4 9. Bxe4 Nxe4 10. Qxe4 Nd7 11. b3 Bd6 12. c4 O-O 13. Bb2 Re8 14. Rad1 Qc7 15. Rfe1 Nf6 16. Qh4 Be7 17. Qh3 Rad8 18. Ne5 Bd6 19. Nf3 Be7 20. Ne5 Bd6 21. Nf3 Be7 22. Ne5 1/2-1/2

[Event "8th WUCC"]
[Site "Instanbul"]
[Date "2004.09.11"]
[Round "9"]
[White "Kulaots, Kaido"]
[Black "Patuzzo, Fabricio"]
[Result "1-0"]
[WhiteElo "2593"]
[BlackElo "2329"]
[PlyCount "138"]
[EventDate "2004.09.05"]
[Source "Roberto Alvarez"]
[SourceDate "2004.09.21"]

1. e4 c6 2. d4 d5 3. Nc3 dxe4 4. Nxe4 h6 5. c3 Bf5 6. Nc5 b6 7. Nd3 e6 8. Nf3 Bd6 9. Be2 Nd7 10. Nde5 Bxe5 11. dxe5 Ne7 12. O-O Qc7 13. Qd6 Qb7 14. Nd4 Be4 15. f3 Bg6 16. Rd1 Rd8 17. Be3 Nc5 18. Nb5 O-O 19. Qxd8 Rxd8 20. Rxd8+ Kh7 21. Nd6 Qc7 22. Ra8 Nd7 23. f4 f6 24. Rd1 fxe5 25. fxe5 c5 26. c4 Bc2 27. Rd2 Bb1 28. Bf4 Nb8 29. Nb5 Qc8 30. Rd1 Bc2 31. Rc1 Bg6 32. Rxa7 Nbc6 33. Rc7 Qf8 34. Rf1 Nd4 35. Nxd4 cxd4 36. Rd7 d3 37. Bxd3 Bxd3 38. Rxd3 Nf5 39. b3 Qc5+ 40. Kh1 Qc6 41. Re1 h5 42. h3 Nh4 43. Rd2 Nf5 44. Kh2 Kg6 45. Rd3 Kh7 46. Re2 Kg6 47. Bg3 Kh7 48. Bf2 Kg6 49. a4 Kh7 50. Rdd2 Kg6 51. Rc2 Ne7 52. c5 bxc5 53. Rxc5 Qa6 54. Rc4 Nd5 55. Rd2 Kf5 56. Rd3 g5 57. Rf3+ Kg6 58. Rf8 h4 59. Rg8+ Kf5 60. Rg4 Kxe5 61. R8xg5+ Kd6 62. Bxh4 Qa5 63. Bg3+ Kd7 64. Rg7+ Kc6 65. Rc4+ Kb6 66. Bf2+ Ne3 67. Bxe3+ Qc5 68. Rxc5 e5 69. Rcc7+ Ka5 1-0

[Event "Haringey"]
[Site "London ENG"]
[Date "1988.??.??"]
[Round "?"]
[White "Dutreeuw, Marc"]
[Black "Hodgson, Julian M"]
[Result "0-1"]
[WhiteElo "2395"]
[BlackElo "2525"]
[PlyCount "78"]
[EventDate "1988.07.??"]
[Source "www.chesslib.no"]
[SourceDate "2004.05.04"]

1. e4 c6 2. d4 d5 3. Nc3 dxe4 4. Nxe4 Nf6 5. Nxf6+ exf6 6. Bc4 Qe7+ 7. Qe2 Be6 8. Bxe6 Qxe6 9. Qxe6+ fxe6 10. Nf3 Kf7 11. O-O Nd7 12. b3 Be7 13. Bb2 Rhd8 14. Rfd1 b5 15. a4 a6 16. Kf1 Nb6 17. a5 Nd5 18. c4 Nb4 19. Bc3 Rab8 20. Rab1 Rb7 21. Rb2 Rdb8 22. c5 Nd5 23. Be1 Rd8 24. Rc1 Nf4 25. Rd2 g5 26. g3 Ng6 27. Rcd1 Rbd7 28. Ke2 Rd5 29. Rd3 g4 30. Ng1 Rh5 31. Ke3 Rxh2 32. Ne2 f5 33. Nc3 Bg5+ 34. Ke2 h5 35. Na2 h4 36. gxh4 Nf4+ 37. Kd2 Nxd3+ 38. Kxd3 Bf6 39. Ke3 g3 0-1

[Event "OHRA-B"]
[Site "Amsterdam NED"]
[Date "1986.??.??"]
[Round "4"]
[White "Zapata, Alonso"]
[Black "Boersma, Paulus A"]
[Result "1-0"]
[WhiteElo "2515"]
[BlackElo "2405"]
[PlyCount "57"]
[EventDate "1986.07.??"]
[Source "www.chesslib.no"]
[SourceDate "2004.05.04"]

1. e4 c6 2. d4 d5 3. Nc3 dxe4 4. Nxe4 Nf6 5. Nxf6+ exf6 6. Bc4 Nd7 7. Ne2 Bd6 8. O-O O-O 9. Ng3 Nb6 10. Bb3 f5 11. Re1 a5 12. a4 Nd5 13. Qf3 Qh4 14. Bxd5 cxd5 15. Qxd5 Ra6 16. Bd2 g5 17. h3 Bxg3 18. fxg3 Qxg3 19. Ra3 Qh4 20. Rae3 Re6 21. Bxa5 Rxe3 22. Rxe3 f4 23. Re5 h6 24. Bb4 f3 25. Bxf8 Bxh3 26. Bxh6 f2+ 27. Kf1 Be6 28. Rxg5+ Kh7 29. Rh5 1-0

[Event "Tch (Men) 2005/2006 FIN"]
[Site "?"]
[Date "2006.01.14"]
[Round "6"]
[White "Rytshagov Mikhail"]
[Black "Kiik Kalle"]
[Result "1/2-1/2"]
[WhiteElo "2474"]
[BlackElo "2446"]
[PlyCount "94"]
[EventDate "2006.??.??"]
[Source "www.chesslib.no"]
[SourceDate "2004.05.04"]

1. e4 c6 2. d4 d5 3. Nc3 dxe4 4. Nxe4 Nf6 5. Nxf6+ exf6 6. Bc4 Na6 7. Ne2 Nc7 8. O-O Bd6 9. Bf4 O-O 10. Qd2 Be6 11. Bd3 Re8 12. Rfe1 g6 13. c4 a5 14. a3 Qd7 15. Rad1 Bg4 16. f3 Be6 17. Nc3 f5 18. Bf1 f6 19. Na4 Bxf4 20. Qxf4 g5 21. Qd2 Qf7 22. Nb6 Ra6 23. c5 Rxb6 24. cxb6 Nd5 25. Bc4 Nxb6 26. Bxe6 Rxe6 27. Qxa5 Nd5 28. Qa8+ Kg7 29. Rxe6 Qxe6 30. Qxb7+ Kg6 31. Qb3 Qe2 32. Qd3 Qxb2 33. g3 h5 34. Kh1 h4 35. gxh4 Nf4 36. Qd2 Qxa3 37. Rf1 Qb3 38. hxg5 fxg5 39. Qc1 Qd3 40. Qd1 Qe3 41. Qc2 Qe6 42. Qd2 Kh5 43. Re1 Qd5 44. Qe3 Ng6 45. Kg1 Nf4 46. Qe8+ Ng6 47. Qe3 Nf4 1/2-1/2

[Event "Stara Zagora zt-A"]
[Site "Stara Zagora"]
[Date "1990.??.??"]
[Round "3"]
[White "Tolnai, Tibor"]
[Black "Lechtynsky, Jiri"]
[Result "1/2-1/2"]
[WhiteElo "2490"]
[BlackElo "2430"]
[PlyCount "139"]
[EventDate "1990.02.??"]
[Source "ChessBase"]

1. e4 c6 2. d4 d5 3. Nc3 dxe4 4. Nxe4 Nf6 5. Nxf6+ exf6 6. c3 Be6 7. Bd3 Bd6 8. Ne2 Nd7 9. Nf4 Bxf4 10. Bxf4 Nb6 11. O-O O-O 12. b3 f5 13. Qc2 Qd7 14. Rad1 Rfe8 15. Bc1 f6 16. Rfe1 Nd5 17. a3 Ne7 18. c4 Bf7 19. Bb2 Rad8 20. f3 Bg6 21. Qf2 f4 22. Bxg6 hxg6 23. g4 fxg3 24. hxg3 Kf7 25. a4 Qd6 26. Kg2 g5 27. Qc2 Rh8 28. Rh1 Qd7 29. Kf2 Nf5 30. g4 Qc7 31. Qxf5 Rh2+ 32. Rxh2 Qxh2+ 33. Kf1 Qxb2 34. Re1 Qxd4 35. Qe6+ Kg6 36. Re2 Qf4 37. Kg2 Rh8 38. Qe4+ Qxe4 39. Rxe4 Kf7 40. c5 Rd8 41. Rb4 Rd7 42. a5 Ke6 43. Kf2 Kd5 44. Rc4 Re7 45. Rc1 g6 46. b4 f5 47. Rd1+ Kc4 48. a6 bxa6 49. Rd6 Kb5 50. f4 Re4 51. fxg5 Rxg4 52. Rxg6 Rxb4 53. Rf6 Rf4+ 54. Ke3 Rf1 55. Ke2 Rf4 56. Ke3 Re4+ 57. Kf3 Re7 58. Rxf5 a5 59. Kg4 a4 60. g6 a3 61. Rf2 Kxc5 62. Kf5 Kb4 63. Rf4+ Kb5 64. Rf3 a2 65. Ra3 Re1 66. Rxa2 Rf1+ 67. Ke6 Rg1 68. Kf6 a5 69. Rb2+ Kc5 70. Rc2+ 1/2-1/2

[Event "Salamanca"]
[Site "Salamanca"]
[Date "1991.??.??"]
[Round "10"]
[White "Martin Gonzalez, Angel"]
[Black "Rodriguez Vargas, Orestes"]
[Result "1/2-1/2"]
[WhiteElo "2445"]
[BlackElo "2470"]
[PlyCount "36"]
[EventDate "1991.04.??"]
[Source "ChessBase"]

1. e4 c6 2. d4 d5 3. Nc3 dxe4 4. Nxe4 Nf6 5. Nxf6+ exf6 6. Bc4 Qe7+ 7. Qe2 Be6 8. Bxe6 Qxe6 9. Qxe6+ fxe6 10. Ne2 Bd6 11. Bf4 Bxf4 12. Nxf4 Kf7 13. O-O-O Na6 14. Rhe1 Rhe8 15. Rd2 Rad8 16. Rde2 Nc7 17. c3 Re7 18. Kc2 Rde8 1/2-1/2

[Event "Tarrassa"]
[Site "Tarrassa"]
[Date "1989.??.??"]
[Round "?"]
[White "Romero Holmes, Alfonso"]
[Black "Bellon Lopez, Juan Manuel"]
[Result "1/2-1/2"]
[WhiteElo "2445"]
[BlackElo "2470"]
[PlyCount "77"]
[EventDate "1989.03.??"]
[Source "www.chesslib.no"]
[SourceDate "2004.05.04"]

1. e4 c6 2. d4 d5 3. Nc3 dxe4 4. Nxe4 h6 5. Bc4 Bf5 6. Ng3 Bh7 7. N1e2 Nf6 8. O-O e6 9. Nf4 Bd6 10. c3 O-O 11. Re1 Re8 12. Ngh5 Nbd7 13. Qf3 Nxh5 14. Nxh5 Bg6 15. Nf4 Bf5 16. Bd2 c5 17. Bb3 b5 18. Qc6 Qb6 19. Qxb6 Nxb6 20. dxc5 Bxc5 21. Be3 Bxe3 22. Rxe3 Red8 23. Ne2 Rd2 24. Nd4 Rxb2 25. Nxf5 exf5 26. Re5 a6 27. Rxf5 Nc4 28. Rd1 Re8 29. g3 Re7 30. Bxc4 bxc4 31. Rd4 Rc7 32. Rff4 Rxa2 33. Rxc4 Rxc4 34. Rxc4 a5 35. Rc8+ Kh7 36. c4 a4 37. c5 Rc2 38. Ra8 Rxc5 39. Rxa4 1/2-1/2

[Event "BL2-Sued 0203"]
[Site "?"]
[Date "2003.03.30"]
[Round "9.1"]
[White "Medvegy Zoltan"]
[Black "Lechtynsky Jiri"]
[Result "1-0"]
[WhiteElo "2513"]
[BlackElo "2399"]
[PlyCount "117"]
[EventDate "2003.??.??"]
[Source "www.chesslib.no"]
[SourceDate "2004.05.04"]

1. e4 c6 2. d4 d5 3. Nc3 dxe4 4. Nxe4 Nf6 5. Nxf6+ exf6 6. c3 Bd6 7. Bd3 O-O 8. Qc2 Re8+ 9. Ne2 h6 10. O-O Nd7 11. Ng3 Qc7 12. Bd2 Nf8 13. Rae1 Bd7 14. Qc1 Rxe1 15. Rxe1 Ng6 16. Qc2 Nf8 17. Bf5 Bxg3 18. hxg3 Be6 19. b3 Rd8 20. Be4 Qd7 21. Be3 Bd5 22. c4 Bxe4 23. Qxe4 f5 24. Qc2 Nh7 25. Rd1 Nf6 26. d5 cxd5 27. Bxa7 Qe6 28. Be3 Rc8 29. c5 Ng4 30. Bd4 Re8 31. Qd2 Qa6 32. Re1 Rxe1+ 33. Qxe1 Qd3 34. Be3 d4 35. Bc1 g5 36. Qd2 Ne5 37. f4 Qxd2 38. Bxd2 gxf4 39. gxf4 Ng4 40. Kf1 d3 41. a4 Nf6 42. a5 Nd5 43. b4 Kf8 44. b5 Ke7 45. a6 bxa6 46. bxa6 Kd7 47. a7 Nc7 48. Ba5 Na8 49. Ke1 Kc6 50. Kd2 Kxc5 51. Kxd3 Kb5 52. Bd8 Ka6 53. Kd4 Kxa7 54. Ke5 Nb6 55. Bxb6+ Kxb6 56. Kxf5 Kc6 57. Kf6 Kd5 58. f5 Ke4 59. g4 1-0

[Event "Warszawa Cup5-A"]
[Site "Warsaw POL"]
[Date "1979.??.??"]
[Round "2"]
[White "Barczay, Laszlo"]
[Black "Ciric, Dragoljub M"]
[Result "1-0"]
[WhiteElo "2470"]
[BlackElo "2440"]
[PlyCount "71"]
[EventDate "1979.05.??"]
[Source "www.chesslib.no"]
[SourceDate "2004.05.04"]

1. e4 c6 2. d4 d5 3. Nc3 dxe4 4. Nxe4 Nf6 5. Nxf6+ exf6 6. Bc4 Nd7 7. Ne2 Bd6 8. O-O Qc7 9. Ng3 O-O 10. Qh5 Nb6 11. Bd3 g6 12. Qh4 Be7 13. Re1 Be6 14. Qh6 f5 15. Bxf5 Bf6 16. Nh5 Bxd4 17. Bf4 Qxf4 18. Qxf4 Bxf5 19. Ng3 Bxb2 20. Nxf5 gxf5 21. Rab1 Bg7 22. h4 Rad8 23. Qxf5 Rd5 24. Qf3 Rd6 25. Re4 Rf6 26. Rf4 Re6 27. Rg4 f5 28. Rg5 Ref6 29. a4 h6 30. Rg3 R8f7 31. a5 Nc4 32. Rd1 Nxa5 33. Qc3 b6 34. Rd7 Kh7 35. Qxf6 Rxf6 36. Rdxg7+ 1-0

[Event "Petrov mem op"]
[Site "St Petersburg"]
[Date "2002.02.16"]
[Round "5"]
[White "Vorobiov, Evgeny E"]
[Black "Malofeev, Alex"]
[Result "1-0"]
[WhiteElo "2534"]
[BlackElo "2373"]
[PlyCount "165"]
[EventDate "2002.02.12"]
[Source "ChessBase"]
[SourceDate "2002.03.14"]

1. e4 c6 2. d4 d5 3. Nc3 dxe4 4. Nxe4 Nf6 5. Nxf6+ exf6 6. c3 Bd6 7. Bd3 O-O 8. Qc2 Re8+ 9. Ne2 h6 10. O-O Nd7 11. Be3 Qc7 12. h3 Nf8 13. c4 c5 14. Nc3 cxd4 15. Nd5 Qd8 16. Bxd4 Be6 17. Rad1 Bxd5 18. cxd5 Qa5 19. Qb3 Qb4 20. Qxb4 Bxb4 21. a3 Bd6 22. Rfe1 Red8 23. Re2 Nd7 24. Rc2 Nb6 25. Be4 Re8 26. Bf3 f5 27. g3 Rad8 28. Kf1 Kf8 29. a4 Rc8 30. Rxc8 Rxc8 31. b3 Rc2 32. Be2 g6 33. Bb5 Rc7 34. Re1 Rc8 35. a5 Nxd5 36. Bc4 Ne7 37. Bxa7 Bb4 38. Re5 Nc6 39. Rb5 Ra8 40. Be3 Bxa5 41. Rxb7 Ne5 42. Bxh6+ Kg8 43. Be2 Bc3 44. Be3 Ra1+ 45. Kg2 Ra2 46. Bf1 Rb2 47. Rb5 f6 48. Rc5 Be1 49. Rc1 Bb4 50. Bd4 Rd2 51. Rc8+ Kf7 52. Bc4+ Nxc4 53. Rxc4 Bd6 54. Be3 Rb2 55. Rc6 Be5 56. Rb6 g5 57. Kf3 Kg6 58. Rb7 Bc3 59. Bc5 Be5 60. Bf8 g4+ 61. hxg4 fxg4+ 62. Kxg4 f5+ 63. Kh3 Rxf2 64. Rb6+ Kf7 65. Bd6 Bxd6 66. Rxd6 Rf3 67. Rb6 f4 68. Kg4 Rxg3+ 69. Kxf4 Rd3 70. Ke4 Rd1 71. Ke5 Ke7 72. Rb5 Re1+ 73. Kd5 Kd7 74. Rc5 Re8 75. b4 Rb8 76. b5 Rh8 77. b6 Rh1 78. Rc7+ Kd8 79. Kc6 Rc1+ 80. Kb7 Ra1 81. Rc4 Kd7 82. Kb8 Ra2 83. b7 1-0

[Event "otb"]
[Site "otb"]
[Date "2007.03.15"]
[Round "2"]
[White "Petrosian Tigran L"]
[Black "Khachatryan Vahagn"]
[Result "1-0"]
[WhiteElo "2592"]
[BlackElo "2315"]
[PlyCount "121"]
[Source "www.chesslib.no"]
[SourceDate "2004.05.04"]

1. e4 c6 2. d4 d5 3. Nc3 dxe4 4. Nxe4 Nf6 5. Nxf6+ exf6 6. c3 Bd6 7. Bd3 O-O 8. Qc2 h6 9. Ne2 Re8 10. Bd2 Nd7 11. O-O Nf8 12. Ng3 Qc7 13. Kh1 Be6 14. Rae1 Rad8 15. Re4 Bxg3 16. fxg3 Bc8 17. Rfe1 Rxe4 18. Bxe4 Be6 19. Qa4 a6 20. Bf4 Qb6 21. Qa3 Re8 22. Bd3 Qd8 23. Bd2 Bd5 24. c4 Rxe1+ 25. Bxe1 Qe8 26. Bf2 Be4 27. Bf1 Qd7 28. Qe3 f5 29. g4 Qe6 30. gxf5 Qxf5 31. h3 Ne6 32. Kh2 Qg6 33. Qd2 Qf5 34. Qe3 g5 35. g4 Qf4+ 36. Qxf4 gxf4 37. h4 Kg7 38. Bg2 f3 39. Bf1 Nf4 40. Be3 Ne2 41. a4 a5 42. Bd2 Bc2 43. d5 cxd5 44. cxd5 Bxa4 45. d6 Bd7 46. Bh3 h5 47. gxh5 f5 48. Bf1 a4 49. Bxe2 fxe2 50. Kg3 Kh7 51. Kf2 Bb5 52. Kf3 Kg7 53. Kf4 Kh6 54. Kxf5+ Kxh5 55. Be1 Bd7+ 56. Kf6 b5 57. Ke7 Bf5 58. d7 Bxd7 59. Kxd7 b4 60. Bxb4 Kxh4 61. Kc6 1-0

[Event "Dortmund-B"]
[Site "Dortmund GER"]
[Date "1987.??.??"]
[Round "?"]
[White "Prandstetter, Eduard"]
[Black "King, Daniel J"]
[Result "1/2-1/2"]
[WhiteElo "2430"]
[BlackElo "2475"]
[PlyCount "23"]
[EventDate "1987.04.??"]
[Source "www.chesslib.no"]
[SourceDate "2004.05.04"]

1. e4 c6 2. d4 d5 3. Nc3 dxe4 4. Nxe4 Nf6 5. Nxf6+ exf6 6. Bc4 Qe7+ 7. Qe2 Be6 8. Bb3 a5 9. Bxe6 Qxe6 10. Be3 Bd6 11. Nf3 O-O 12. O-O 1/2-1/2